000 00766nam a2200289Ia 4500
001 19614
003 IT-RoPAU
008 130308s9999 xx 000 0 und d
040 _aIT-RoPAU
040 _cIT-RoPAU
041 _aITALIANO
100 _aHammons Earle W.
100 _gCodice Aut. SPICS: 995
245 _aCortometraggi e soggetti educativi
245 _bCinema muto hollywoodiano e Organizzazione Sociale
250 _a1a ed.
260 _aVENEZIA
260 _bLa Biennale
260 _c1975 [1° Ed.:1975 - Ed.Ling.Originale:1927]
300 _a"6 p. (prefazione: no ; testo: 6 [pagine: 71-76])"
650 _aSAGGI SUL CINEMA
650 _eCodice materia Spics: 6811
942 _cBK
957 _71
999 _c55136
_d55136
999 _bSI
999 _g1